00877 2200229 4500001002100000005001500021035002500036008004100061245026900102100002300371260005400394300005100448020001800499082000800517084001100525520001900536650002600555856000900581990001900590990001900609990001900628INLIS00000000000488720200316125137 a0010-121900000004887200316 | ind 1 aMistik kejawen :bManusia Jawa selalu mencoba mencari harmoni antara alam makrokosmos dan mikrokosmos. Cara yang banyak ditempuh adalah melalui "laku" kebatinan atau ritual mistik Kejawen, untuk menemukan rasa sejati dalam penggambaran sukma. /cSuwardi endraswara0 aSuwardi endraswara aNarasi : yogyakarta :bNarasi : yogyakarta,c2018 ai.296hlm : 14 x 21 cm ;ci.296hlm : 14 x 21 cm a979-168-564-9 a900 a181,16 aDAK 2019 3 EKS 4aMistik kejawen 181.16 aUmum aB2019112712166 aB2019112712167 aB2019112712168